00312pab a2200133 454500008004000000100002400040245003100064260000900095300001100104362001100115650001800126650001400144773002000158180718b2013 xxu||||| |||| 00| 0 eng d aSingh, Shambhu Nath aGlobalization of education c2013 ap.1-8. a18 Mar aGlobalization aEducation aUniversity News